[Event "1st Online FIDE Cup for disabled players"]
[Site "T#646224FIDE"]
[Date "2020.05.21"]
[Round "3"]
[White "Sadamalisheikh"]
[Black "Natashamorales11"]
[Result "0-1"]
[WhiteElo "1578"]
[BlackElo "1620"]
[Annotator "NA"]
[PlyCount "70"]
[EventDate "2020.05.21"]
[EventType "swiss (blitz)"]

1. d4 {[%emt 0:00:10]} e6 {[%emt 0:00:03]} 2. Bf4 {[%emt 0:00:01]} f5 {[%emt 0:00:02]} 3. e3 {[%emt 0:00:05]} Nf6 {[%emt 0:00:02]} 4. c3 {[%emt 0:00:03]} d5 {[%emt 0:00:01]} 5. Bd3 {[%emt 0:00:04]} Bd6 {[%emt 0:00:05]} 6. Bg3 {[%emt 0:00:03]} O-O {[%emt 0:00:06]} 7. Nf3 {[%emt 0:00:02]} Qe7 {[%emt 0:00:23]} 8. Nbd2 {[%emt 0:00:15]} Nbd7 {[%emt 0:00:05]} 9. Ne5 {[%emt 0:00:05]} Ne4 {[%emt 0:00:15]} 10. Ndf3 {[%emt 0:00:18]} c5 {[%emt 0:00:28]} 11. Qe2 {[%emt 0:00:34]} Ndf6 {[%emt 0:00:52]} 12. h3 {[%emt 0:00:37]} Nxg3 {[%emt 0:00:21]} 13. fxg3 {[%emt 0:00:07]} Ne4 {[%emt 0:00:04]} 14. Bxe4 {[%emt 0:00:38]} fxe4 {[%emt 0:00:06]} 15. Nh2 {[%emt 0:00:43]} Bxe5 {[%emt 0:00:27]} 16. dxe5 {[%emt 0:00:05]} Qg5 {[%emt 0:00:32]} 17. g4 {[%emt 0:00:19]} Qxe5 {[%emt 0:00:53]} 18. O-O-O {[%emt 0:00:07]} Bd7 {[%emt 0:00:34]} 19. Kb1 {[%emt 0:00:24]} a6 {[%emt 0:00:30]} 20. h4 {[%emt 0:00:33]} Bb5 {[%emt 0:00:06]} 21. Qd2 {[%emt 0:00:21]} Qg3 {[%emt 0:00:36]} 22. Nf1 {[%emt 0:02:15]} Qf2 {[%emt 0:00:27]} 23. Qxf2 {[%emt 0:01:47]} Rxf2 {[%emt 0:00:04]} 24. g3 {[%emt 0:00:17]} Bd3+ {[%emt 0:00:29]} 25. Ka1 {[%emt 0:00:18]} Bxf1 {[%emt 0:00:17]} 26. Rhxf1 {[%emt 0:00:06]} Raf8 {[%emt 0:00:03]} 27. Rg1 {[%emt 0:00:31]} b5 {[%emt 0:00:20]} 28. g5 {[%emt 0:00:02]} Re2 {[%emt 0:00:14]} 29. h5 {[%emt 0:00:05]} Rff2 {[%emt 0:00:14]} 30. Rb1 {[%emt 0:00:21]} Rxe3 {[%emt 0:00:08]} 31. g4 {[%emt 0:00:02]} Ref3 {[%emt 0:00:21]} 32. g6 {[%emt 0:00:15]} h6 {[%emt 0:00:06]} 33. g5 {[%emt 0:00:03]} Rh2 {[%emt 0:00:20]} 34. gxh6 {[%emt 0:00:08]} gxh6 {[%emt 0:00:02]} 35. g7 {[%emt 0:01:09]} Rxh5 {[%emt 0:00:07] Time (Lag: Av=0.79s, max=2.8s)} 0-1

[Event "1st Online FIDE Cup for disabled players"]
[Site "T#646224FIDE"]
[Date "2020.05.21"]
[Round "3"]
[White "REIFENCHUK1"]
[Black "Aigner_Michael"]
[Result "1/2-1/2"]
[WhiteElo "1574"]
[BlackElo "1681"]
[Annotator "NA"]
[PlyCount "122"]
[EventDate "2020.05.21"]
[EventType "swiss (blitz)"]

1. d4 {[%emt 0:00:02]} f5 {[%emt 0:00:03]} 2. Nf3 {[%emt 0:00:10]} Nf6 {[%emt 0:00:02]} 3. c4 {[%emt 0:00:02]} g6 {[%emt 0:00:03]} 4. g3 {[%emt 0:00:06]} Bg7 {[%emt 0:00:01]} 5. Bg2 {[%emt 0:00:01]} d6 {[%emt 0:00:01]} 6. O-O {[%emt 0:00:01]} O-O {[%emt 0:00:05]} 7. b3 {[%emt 0:00:05]} Ne4 {[%emt 0:00:33]} 8. Bb2 {[%emt 0:00:03]} c5 {[%emt 0:00:07]} 9. Qc2 {[%emt 0:00:14]} Nc6 {[%emt 0:00:11]} 10. e3 {[%emt 0:00:10]} Rb8 {[%emt 0:00:23]} 11. Nbd2 {[%emt 0:00:12]} Nxd2 {[%emt 0:02:01]} 12. Qxd2 {[%emt 0:00:01]} e5 {[%emt 0:00:23]} 13. dxc5 {[%emt 0:00:32]} dxc5 {[%emt 0:00:10]} 14. Qd5+ {[%emt 0:00:07]} Kh8 {[%emt 0:00:30]} 15. Qxc5 {[%emt 0:00:02]} Qe8 {[%emt 0:00:17]} 16. Rad1 {[%emt 0:00:08]} b6 {[%emt 0:00:16]} 17. Qd6 {[%emt 0:00:12]} Bb7 {[%emt 0:00:01]} 18. Qd7 {[%emt 0:00:11]} Rf7 {[%emt 0:00:13]} 19. Qxe8+ {[%emt 0:00:04]} Rxe8 {[%emt 0:00:00]} 20. Ng5 {[%emt 0:00:08]} Rfe7 {[%emt 0:00:07]} 21. Rd2 {[%emt 0:00:06]} e4 {[%emt 0:00:22]} 22. Bxg7+ {[%emt 0:00:04]} Kxg7 {[%emt 0:00:01]} 23. h4 {[%emt 0:00:19]} Ne5 {[%emt 0:00:05]} 24. Rfd1 {[%emt 0:00:04]} Nf7 {[%emt 0:01:06]} 25. Rd7 {[%emt 0:00:23]} h6 {[%emt 0:00:11]} 26. Nxf7 {[%emt 0:00:05]} Kxf7 {[%emt 0:00:03]} 27. Bf1 {[%emt 0:00:15]} Bc8 {[%emt 0:00:09]} 28. R7d4 {[%emt 0:00:08]} Be6 {[%emt 0:00:06]} 29. Be2 {[%emt 0:00:04]} Rc8 {[%emt 0:00:14]} 30. Kf1 {[%emt 0:00:03]} Kf6 {[%emt 0:00:08]} 31. Ke1 {[%emt 0:00:11]} g5 {[%emt 0:00:14]} 32. hxg5+ {[%emt 0:00:02]} hxg5 {[%emt 0:00:01]} 33. Rd8 {[%emt 0:00:01]} Rxd8 {[%emt 0:00:19]} 34. Rxd8 {[%emt 0:00:02]} Rh7 {[%emt 0:00:00]} 35. Ra8 {[%emt 0:00:08]} Rh1+ {[%emt 0:00:22]} 36. Kd2 {[%emt 0:00:06]} Rh2 {[%emt 0:00:01]} 37. Rxa7 {[%emt 0:00:35]} Rxf2 {[%emt 0:00:02]} 38. Rb7 {[%emt 0:00:01]} Rg2 {[%emt 0:00:38]} 39. Rxb6 {[%emt 0:00:09]} Rxg3 {[%emt 0:00:02]} 40. c5 {[%emt 0:00:01]} Ke5 {[%emt 0:00:04]} 41. c6 {[%emt 0:00:11]} f4 {[%emt 0:00:03]} 42. exf4+ {[%emt 0:00:05]} gxf4 {[%emt 0:00:04]} 43. c7 {[%emt 0:00:01]} Bc8 {[%emt 0:00:34]} 44. Rb8 {[%emt 0:00:06]} Rg8 {[%emt 0:00:09]} 45. a4 {[%emt 0:03:19]} Kd6 {[%emt 0:00:18]} 46. Rb4 {[%emt 0:00:29]} Bf5 {[%emt 0:00:29]} 47. Rb5 {[%emt 0:00:48]} Bd7 {[%emt 0:00:16]} 48. Rb4 {[%emt 0:00:33]} Bf5 {[%emt 0:00:02]} 49. Rc4 {[%emt 0:00:44]} Rc8 {[%emt 0:00:12]} 50. Kc3 {[%emt 0:00:01]} f3 {[%emt 0:00:17]} 51. Bd1 {[%emt 0:00:13]} Rxc7 {[%emt 0:00:05]} 52. Rxc7 {[%emt 0:00:02]} Kxc7 {[%emt 0:00:00]} 53. Kd4 {[%emt 0:00:01]} f2 {[%emt 0:00:14]} 54. Be2 {[%emt 0:00:03]} Bh3 {[%emt 0:00:01]} 55. Kxe4 {[%emt 0:00:05]} f1=Q {[%emt 0:00:03]} 56. Bxf1 {[%emt 0:00:01]} Bxf1 {[%emt 0:00:00]} 57. Kd4 {[%emt 0:00:01]} Kb6 {[%emt 0:00:01]} 58. Kc3 {[%emt 0:00:02]} Ka5 {[%emt 0:00:04]} 59. Kb2 {[%emt 0:00:01]} Kb4 {[%emt 0:00:01]} 60. a5 {[%emt 0:00:03]} Kxa5 {[%emt 0:00:03]} 61. b4+ {[%emt 0:00:01]} Kxb4 {[%emt 0:00:01] (Lag: Av=0.51s, max=1.0s)} 1/2-1/2

[Event "1st Online FIDE Cup for disabled players"]
[Site "T#646224FIDE"]
[Date "2020.05.21"]
[Round "3"]
[White "Sahinhandenur"]
[Black "HuangGuoHui"]
[Result "1-0"]
[WhiteElo "1536"]
[BlackElo "1326"]
[Annotator "NA"]
[PlyCount "97"]
[EventDate "2020.05.21"]
[EventType "swiss (blitz)"]

1. e4 {[%emt 0:00:02]} c5 {[%emt 0:00:03]} 2. c3 {[%emt 0:00:04]} d6 {[%emt 0:00:02]} 3. d4 {[%emt 0:00:09]} b6 {[%emt 0:00:09]} 4. Nf3 {[%emt 0:00:14]} Nf6 {[%emt 0:00:02]} 5. Bd3 {[%emt 0:00:18]} Nbd7 {[%emt 0:00:12]} 6. O-O {[%emt 0:00:13]} e5 {[%emt 0:00:12]} 7. Re1 {[%emt 0:00:09]} Be7 {[%emt 0:00:24]} 8. Bg5 {[%emt 0:00:22]} h6 {[%emt 0:00:04]} 9. Bh4 {[%emt 0:00:03]} O-O {[%emt 0:00:10]} 10. Nbd2 {[%emt 0:00:04]} a6 {[%emt 0:00:39]} 11. Nc4 {[%emt 0:00:34]} b5 {[%emt 0:00:09]} 12. dxe5 {[%emt 0:00:08]} bxc4 {[%emt 0:00:02]} 13. exf6 {[%emt 0:00:02]} Bxf6 {[%emt 0:00:10]} 14. Bxf6 {[%emt 0:00:03]} Nxf6 {[%emt 0:00:10]} 15. Bxc4 {[%emt 0:00:03]} Bg4 {[%emt 0:00:11]} 16. Qd3 {[%emt 0:00:21]} Re8 {[%emt 0:00:47]} 17. h3 {[%emt 0:00:09]} Bh5 {[%emt 0:00:02]} 18. Nh4 {[%emt 0:00:26]} Re5 {[%emt 0:01:09]} 19. Nf5 {[%emt 0:01:18]} Bg6 {[%emt 0:00:23]} 20. Nxd6 {[%emt 0:00:35]} Qd7 {[%emt 0:00:49]} 21. Rad1 {[%emt 0:00:10]} Nh5 {[%emt 0:00:42]} 22. Nxf7 {[%emt 0:01:01]} Qxd3 {[%emt 0:00:08]} 23. Nxe5+ {[%emt 0:00:02]} Qxc4 {[%emt 0:00:05]} 24. Nxc4 {[%emt 0:00:02]} Nf6 {[%emt 0:00:25]} 25. e5 {[%emt 0:00:06]} Ne4 {[%emt 0:00:10]} 26. Nd6 {[%emt 0:00:06]} Ng5 {[%emt 0:00:45]} 27. e6 {[%emt 0:00:08]} Bc2 {[%emt 0:00:52]} 28. Rd2 {[%emt 0:00:05]} Ba4 {[%emt 0:00:09]} 29. f4 {[%emt 0:00:08]} Nh7 {[%emt 0:00:14]} 30. e7 {[%emt 0:00:02]} Nf6 {[%emt 0:00:02]} 31. Nb7 {[%emt 0:00:10]} Kf7 {[%emt 0:00:26]} 32. Rd8 {[%emt 0:00:11]} Ra7 {[%emt 0:00:06]} 33. Nd6+ {[%emt 0:00:04]} Kg6 {[%emt 0:00:07]} 34. e8=Q+ {[%emt 0:00:03]} Nxe8 {[%emt 0:00:04]} 35. Nxe8 {[%emt 0:00:01]} Rb7 {[%emt 0:00:16]} 36. Re2 {[%emt 0:00:13]} Bb5 {[%emt 0:00:03]} 37. Red2 {[%emt 0:00:05]} Re7 {[%emt 0:00:05]} 38. Nd6 {[%emt 0:00:02]} Re1+ {[%emt 0:00:24]} 39. Kh2 {[%emt 0:00:04]} Bc6 {[%emt 0:00:12]} 40. Nc4 {[%emt 0:00:09]} Bb5 {[%emt 0:00:10]} 41. Ne5+ {[%emt 0:00:13]} Kh7 {[%emt 0:00:16]} 42. c4 {[%emt 0:00:11]} Re4 {[%emt 0:00:44]} 43. cxb5 {[%emt 0:00:02]} axb5 {[%emt 0:00:02]} 44. Kg3 {[%emt 0:00:06]} Re3+ {[%emt 0:00:08]} 45. Kf2 {[%emt 0:00:01]} Re4 {[%emt 0:00:01]} 46. Kf3 {[%emt 0:00:01]} Ra4 {[%emt 0:00:06]} 47. R2d6 {[%emt 0:00:03]} Rxa2 {[%emt 0:00:04]} 48. Ng6 {[%emt 0:00:01]} Rxb2 {[%emt 0:00:15]} 49. Rh8# {[%emt 0:00:02] (Lag: Av=2.65s, max=14.1s)} 1-0

[Event "1st Online FIDE Cup for disabled players"]
[Site "T#646224FIDE"]
[Date "2020.05.21"]
[Round "3"]
[White "Ikemat35"]
[Black "Maka_natelauri"]
[Result "1-0"]
[WhiteElo "1502"]
[BlackElo "1116"]
[Annotator "NA"]
[PlyCount "67"]
[EventDate "2020.05.21"]
[EventType "swiss (blitz)"]

1. d4 {[%emt 0:00:06]} d5 {[%emt 0:00:03]} 2. c4 {[%emt 0:00:02]} e6 {[%emt 0:00:01]} 3. Nc3 {[%emt 0:00:05]} Nf6 {[%emt 0:00:04]} 4. cxd5 {[%emt 0:00:01]} exd5 {[%emt 0:00:04]} 5. Bg5 {[%emt 0:00:02]} Be7 {[%emt 0:00:08]} 6. e3 {[%emt 0:00:02]} a6 {[%emt 0:00:04]} 7. a4 {[%emt 0:00:05]} Nc6 {[%emt 0:00:14]} 8. Nf3 {[%emt 0:00:07]} h6 {[%emt 0:00:08]} 9. Bh4 {[%emt 0:00:02]} Be6 {[%emt 0:00:11]} 10. Be2 {[%emt 0:00:03]} Qd7 {[%emt 0:00:03]} 11. O-O {[%emt 0:00:40]} Kd8 {[%emt 0:00:00]} 12. a5 {[%emt 0:00:25]} g5 {[%emt 0:01:02]} 13. Bg3 {[%emt 0:00:03]} Ne4 {[%emt 0:00:08]} 14. Qc2 {[%emt 0:00:31]} Bf5 {[%emt 0:00:20]} 15. Qc1 {[%emt 0:00:16]} Nxg3 {[%emt 0:00:06]} 16. hxg3 {[%emt 0:00:03]} g4 {[%emt 0:00:18]} 17. Ne5 {[%emt 0:00:16]} Nxe5 {[%emt 0:00:07]} 18. dxe5 {[%emt 0:00:00]} Qe6 {[%emt 0:00:10]} 19. Rd1 {[%emt 0:00:04]} c6 {[%emt 0:00:16]} 20. e4 {[%emt 0:00:14]} Bg6 {[%emt 0:00:16]} 21. exd5 {[%emt 0:00:02]} cxd5 {[%emt 0:00:37]} 22. Nxd5 {[%emt 0:00:03]} Ke8 {[%emt 0:00:15]} 23. Nc7+ {[%emt 0:00:03]} Kf8 {[%emt 0:00:10]} 24. Nxe6+ {[%emt 0:00:01]} fxe6 {[%emt 0:00:09]} 25. Bxg4 {[%emt 0:00:03]} Bf7 {[%emt 0:00:13]} 26. Qc7 {[%emt 0:00:07]} Bg5 {[%emt 0:00:41]} 27. f4 {[%emt 0:00:17]} h5 {[%emt 0:00:06]} 28. fxg5 {[%emt 0:00:12]} hxg4 {[%emt 0:00:07]} 29. Rf1 {[%emt 0:00:01]} Rh7 {[%emt 0:00:10]} 30. Rf6 {[%emt 0:00:02]} Re8 {[%emt 0:00:16]} 31. g6 {[%emt 0:00:15]} Kg8 {[%emt 0:00:21]} 32. gxf7+ {[%emt 0:00:03]} Rxf7 {[%emt 0:00:39]} 33. Qxf7+ {[%emt 0:00:03]} Kh8 {[%emt 0:00:05]} 34. Rh6# {[%emt 0:00:01] (Lag: Av=1.18s, max=3.9s)} 1-0

[Event "1st Online FIDE Cup for disabled players"]
[Site "T#646224FIDE"]
[Date "2020.05.21"]
[Round "3"]
[White "Thuyttb80"]
[Black "Gonchigdorj_Gombo"]
[Result "1-0"]
[WhiteElo "1474"]
[BlackElo "1620"]
[Annotator "NA"]
[PlyCount "75"]
[EventDate "2020.05.21"]
[EventType "swiss (blitz)"]

1. d4 {[%emt 0:00:05]} Nf6 {[%emt 0:00:30]} 2. Nc3 {[%emt 0:00:03]} g6 {[%emt 0:00:07]} 3. e4 {[%emt 0:00:07]} d6 {[%emt 0:00:20]} 4. Bg5 {[%emt 0:00:02]} Bg7 {[%emt 0:00:04]} 5. e5 {[%emt 0:00:01]} Nfd7 {[%emt 0:00:28]} 6. e6 {[%emt 0:00:41]} fxe6 {[%emt 0:00:03]} 7. Qd2 {[%emt 0:00:03]} Nc6 {[%emt 0:00:14]} 8. Nf3 {[%emt 0:00:05]} e5 {[%emt 0:00:08]} 9. dxe5 {[%emt 0:00:26]} Ndxe5 {[%emt 0:00:09]} 10. Nxe5 {[%emt 0:00:15]} Nxe5 {[%emt 0:00:10]} 11. O-O-O {[%emt 0:01:03]} Nf7 {[%emt 0:01:00]} 12. Bh4 {[%emt 0:00:28]} O-O {[%emt 0:02:42]} 13. Nd5 {[%emt 0:01:34]} Re8 {[%emt 0:00:16]} 14. Kb1 {[%emt 0:00:11]} c6 {[%emt 0:00:04]} 15. Nc3 {[%emt 0:00:37]} Qb6 {[%emt 0:00:16]} 16. Bc4 {[%emt 0:02:11]} d5 {[%emt 0:00:02]} 17. Bb3 {[%emt 0:00:02]} a5 {[%emt 0:00:52]} 18. Na4 {[%emt 0:00:05]} Qc7 {[%emt 0:00:07]} 19. Bg3 {[%emt 0:00:07]} Qd8 {[%emt 0:00:19]} 20. a3 {[%emt 0:00:35]} e5 {[%emt 0:00:10]} 21. Rhe1 {[%emt 0:00:10]} b5 {[%emt 0:00:10]} 22. Nc5 {[%emt 0:00:22]} Qb6 {[%emt 0:00:05]} 23. Nd3 {[%emt 0:00:14]} e4 {[%emt 0:00:11]} 24. Nc1 {[%emt 0:00:32]} Ne5 {[%emt 0:01:58]} 25. Bxe5 {[%emt 0:00:52]} Bxe5 {[%emt 0:00:07]} 26. Rxe4 {[%emt 0:00:11]} Bf5 {[%emt 0:00:14]} 27. Re2 {[%emt 0:00:17]} Kh8 {[%emt 0:00:13]} 28. Rde1 {[%emt 0:00:17]} Qc7 {[%emt 0:00:23]} 29. f4 {[%emt 0:00:03]} Bxf4 {[%emt 0:00:58]} 30. Rxe8+ {[%emt 0:00:02]} Rxe8 {[%emt 0:00:01]} 31. Rxe8+ {[%emt 0:00:02]} Kg7 {[%emt 0:00:01]} 32. Qe2 {[%emt 0:00:06]} Bd6 {[%emt 0:00:03]} 33. h3 {[%emt 0:00:18]} Qf7 {[%emt 0:00:05]} 34. Re3 {[%emt 0:00:10]} Be4 {[%emt 0:00:03]} 35. Rxe4 {[%emt 0:00:07]} Qf6 {[%emt 0:00:17]} 36. Re6 {[%emt 0:00:07]} Qd8 {[%emt 0:00:03]} 37. Nd3 {[%emt 0:00:15]} Be7 {[%emt 0:00:11]} 38. Rxe7+ {[%emt 0:00:02] Gonchigdorj_Gombo resigns (Lag: Av=0.87s, max=1.5s)} 1-0

[Event "1st Online FIDE Cup for disabled players"]
[Site "T#646224FIDE"]
[Date "2020.05.21"]
[Round "4"]
[White "SanderSeverino"]
[Black "yurmesh"]
[Result "1-0"]
[WhiteElo "1921"]
[BlackElo "2006"]
[Annotator "TA"]
[PlyCount "111"]
[EventDate "2020.05.21"]
[EventType "swiss (blitz)"]

{[%evp 9,111,-24,0,0,56,40,55,52,50,48,54,56,64,56,73,72,81,16,50,37,64,66,97,52,64,62,71,20,20,26,29,22,26,0,0,0,18,16,25,0,12,0,0,0,0,0,0,0,8,35,33,8,53,53,53,53,53,53,53,53,53,53,125,104,109,40,164,181,185,173,156,155,154,136,160,136,136,139,147,161,171,147,219,174,174,136,166,-39,-13,-57,104,103,152,158,167,136,408,408,29992,29993,29997,29998,29998,29999]} 1. d4 Nf6 2. c4 e6 3. g3 Bb4+ 4. Nd2 d5 5. Qc2 Nc6 6. Ngf3 {E00: Catalan Bogo-Indian (3 g3 Bb4+).} O-O (6... dxc4 $11 7. Qxc4 Qd5 8. Qxd5 exd5) 7. Bg2 Ne4 8. e3 {White is slightly better.} f5 9. O-O Be7 10. a3 a5 11. b3 Bf6 12. Bb2 Bd7 {[#]} 13. Ne1 $146 (13. Rac1 $16) ({Predecessor:} 13. Ne5 Be8 14. Nxc6 Bxc6 15. Rac1 Qe7 16. f3 Nxd2 17. Qxd2 a4 18. Bc3 Rfd8 19. Bb4 {0-1 (51) Pajeken,W (2361)-Auer,M (2338) Solingen 2005}) 13... Ne7 14. Nd3 Nxd2 15. Qxd2 c6 16. Ne5 Bxe5 17. dxe5 a4 18. cxd5 (18. Qc3 $16) 18... cxd5 $11 19. b4 Bb5 20. Rfc1 Bc4 21. Bd4 Nc6 22. f4 b5 23. Bc5 Rf7 24. Kf2 g5 25. Rh1 Rg7 26. Rag1 Kh8 27. Bf3 g4 28. Be2 Qd7 29. h3 gxh3 30. Bf3 Rag8 31. Rxh3 Nd8 32. Rgh1 Nb7 33. Bd4 Rc8 34. Rc1 Bb3 35. Rhh1 Rxc1 ({Black should play} 35... Bc4 $14) 36. Qxc1 Bc4 37. Rh6 (37. Rh4 $16) 37... Rg6 ({Black should try} 37... Rxg3 $1 $14 38. Rxh7+ Qxh7 39. Kxg3 Kg7) 38. Qh1 $18 {Intending Rxg6 and mate.} Kg8 39. Qh4 Qg7 40. Rxg6 hxg6 41. g4 Qh7 42. Qf6 Qf7 43. Qg5 Bd3 44. Kg3 Kf8 45. Bb6 Ke8 (45... fxg4 $16 46. Bxg4 (46. Qxg4 Qe7 $16) (46. Kxg4 Qf5+ 47. Kh4 Qxg5+ 48. Kxg5 Ke7 $16) 46... Qe7) 46. Qh6 {And now gxf5 would win.} Qg8 47. Kh4 Kd7 {[#]} 48. Kg5 $2 (48. gxf5 $1 $18 gxf5 49. Qg5) 48... Kc6 49. Bd4 $1 fxg4 $2 (49... Nd8 $1 $15 {stays ahead.} 50. Qh3 Nf7+ 51. Kh4 fxg4 52. Bxg4 g5+ 53. Kg3 gxf4+ 54. exf4 Be2) 50. Kxg4 $16 Bf5+ 51. Kg3 Nd8 52. Qh4 $36 {[%mdl 2048] White has strong initiative.} Kd7 $2 {[%mdl 8192]} (52... Qe8 $16 53. Be2 Be4) 53. Be2 $18 Kc6 (53... Nc6 $18 54. Bxb5 Kc7) 54. Qe7 {White mates.} Qh8 {[#]} 55. Bxb5+ $1 {[%mdl 512]} Kxb5 56. Qc5+ {Accuracy: White = 70%, Black = 63%.} 1-0

[Event "1st Online FIDE Cup for disabled players"]
[Site "T#646224FIDE"]
[Date "2020.05.21"]
[Round "4"]
[White "ValentaVitFM1978"]
[Black "Denis Palin"]
[Result "1/2-1/2"]
[WhiteElo "1838"]
[BlackElo "1795"]
[Annotator "NA"]
[PlyCount "56"]
[EventDate "2020.05.21"]
[EventType "swiss (blitz)"]

1. b4 {[%emt 0:00:06]} e5 {[%emt 0:00:04]} 2. Bb2 {[%emt 0:00:03]} Bxb4 {[%emt 0:00:01]} 3. Bxe5 {[%emt 0:00:03]} Nf6 {[%emt 0:00:01]} 4. Nf3 {[%emt 0:00:02]} Nc6 {[%emt 0:00:02]} 5. Bb2 {[%emt 0:00:05]} O-O {[%emt 0:00:01]} 6. g3 {[%emt 0:00:03]} d5 {[%emt 0:00:03]} 7. Bg2 {[%emt 0:00:03]} Re8 {[%emt 0:00:10]} 8. O-O {[%emt 0:00:03]} Bg4 {[%emt 0:00:32]} 9. a3 {[%emt 0:00:12]} Bd6 {[%emt 0:00:16]} 10. d3 {[%emt 0:00:04]} Ne5 {[%emt 0:00:06]} 11. Nbd2 {[%emt 0:00:07]} Nxf3+ {[%emt 0:00:16]} 12. Nxf3 {[%emt 0:00:03]} c6 {[%emt 0:00:05]} 13. Qd2 {[%emt 0:00:08]} Nd7 {[%emt 0:00:17]} 14. e3 {[%emt 0:00:20]} Ne5 {[%emt 0:00:11]} 15. Nxe5 {[%emt 0:00:13]} Bxe5 {[%emt 0:00:01]} 16. Bxe5 {[%emt 0:00:08]} Rxe5 {[%emt 0:00:01]} 17. f4 {[%emt 0:00:09]} Re7 {[%emt 0:00:05]} 18. f5 {[%emt 0:00:15]} f6 {[%emt 0:00:01]} 19. h3 {[%emt 0:00:21]} Bh5 {[%emt 0:00:01]} 20. Rfe1 {[%emt 0:00:02]} Qd6 {[%emt 0:00:03]} 21. g4 {[%emt 0:00:10]} Bf7 {[%emt 0:00:01]} 22. e4 {[%emt 0:00:57]} dxe4 {[%emt 0:00:03]} 23. Bxe4 {[%emt 0:00:05]} Qd4+ {[%emt 0:01:17]} 24. Qf2 {[%emt 0:00:04]} Qxf2+ {[%emt 0:00:01]} 25. Kxf2 {[%emt 0:00:03]} Rae8 {[%emt 0:00:00]} 26. Bf3 {[%emt 0:00:11]} Rxe1 {[%emt 0:00:12]} 27. Rxe1 {[%emt 0:00:03]} Rxe1 {[%emt 0:00:01]} 28. Kxe1 {[%emt 0:00:02] Denis Palin Предлагает ничью} Kf8 {[%emt 0:00:07] (Lag: Av=0.41s, max=0.7s)} 1/2-1/2

[Event "1st Online FIDE Cup for disabled players"]
[Site "T#646224FIDE"]
[Date "2020.05.21"]
[Round "4"]
[White "Morphy1977"]
[Black "Marcin Tazbir"]
[Result "0-1"]
[WhiteElo "1777"]
[BlackElo "1861"]
[Annotator "NA"]
[PlyCount "62"]
[EventDate "2020.05.21"]
[EventType "swiss (blitz)"]

1. g3 {[%emt 0:00:09]} d5 {[%emt 0:00:06]} 2. Bg2 {[%emt 0:00:06]} Nf6 {[%emt 0:00:01]} 3. Nf3 {[%emt 0:00:13]} Bf5 {[%emt 0:00:05]} 4. O-O {[%emt 0:00:08]} e6 {[%emt 0:00:01]} 5. c4 {[%emt 0:00:14]} c6 {[%emt 0:00:07]} 6. Qb3 {[%emt 0:00:15]} Qb6 {[%emt 0:00:03]} 7. d4 {[%emt 0:00:12]} Nbd7 {[%emt 0:00:06]} 8. c5 {[%emt 0:00:08]} Qxb3 {[%emt 0:00:24]} 9. axb3 {[%emt 0:00:03]} Be7 {[%emt 0:00:00]} 10. b4 {[%emt 0:00:08]} O-O {[%emt 0:00:02]} 11. Nbd2 {[%emt 0:00:08]} b6 {[%emt 0:00:15]} 12. Nh4 {[%emt 0:00:49]} Bc2 {[%emt 0:00:03]} 13. Re1 {[%emt 0:00:49]} a5 {[%emt 0:00:16]} 14. bxa5 {[%emt 0:00:39]} bxc5 {[%emt 0:00:02]} 15. dxc5 {[%emt 0:00:29]} Nxc5 {[%emt 0:00:06]} 16. Nhf3 {[%emt 0:00:41]} Rfc8 {[%emt 0:00:05]} 17. Nd4 {[%emt 0:00:15]} Bg6 {[%emt 0:00:02]} 18. b4 {[%emt 0:00:20]} Na6 {[%emt 0:00:04]} 19. b5 {[%emt 0:00:10]} cxb5 {[%emt 0:00:02]} 20. Nxb5 {[%emt 0:00:04]} Bb4 {[%emt 0:00:02]} 21. Ra2 {[%emt 0:01:23]} Rc5 {[%emt 0:00:49]} 22. Na3 {[%emt 0:00:37]} Rxa5 {[%emt 0:00:11]} 23. Rd1 {[%emt 0:01:20]} Nc5 {[%emt 0:00:50]} 24. Ndc4 {[%emt 0:00:22]} R5a6 {[%emt 0:00:02]} 25. Bb2 {[%emt 0:00:42]} h6 {[%emt 0:00:16]} 26. Raa1 {[%emt 0:00:33]} Be4 {[%emt 0:01:08]} 27. Bxf6 {[%emt 0:00:41]} gxf6 {[%emt 0:00:08]} 28. Bxe4 {[%emt 0:00:15]} Nxe4 {[%emt 0:00:07]} 29. Rdb1 {[%emt 0:00:27]} Bxa3 {[%emt 0:00:15]} 30. Nxa3 {[%emt 0:00:09]} Rxa3 {[%emt 0:00:02]} 31. Rxa3 {[%emt 0:00:07]} Rxa3 {[%emt 0:00:02] Time (Lag: Av=0.46s, max=0.7s)} 0-1

[Event "1st Online FIDE Cup for disabled players"]
[Site "T#646224FIDE"]
[Date "2020.05.21"]
[Round "4"]
[White "Andrei_Gurbanov"]
[Black "Natashamorales11"]
[Result "1-0"]
[WhiteElo "1765"]
[BlackElo "1620"]
[Annotator "NA"]
[PlyCount "79"]
[EventDate "2020.05.21"]
[EventType "swiss (blitz)"]

1. d4 {[%emt 0:00:03]} e6 {[%emt 0:00:03]} 2. c4 {[%emt 0:00:03]} f5 {[%emt 0:00:02]} 3. Nc3 {[%emt 0:00:05]} Nf6 {[%emt 0:00:02]} 4. Bf4 {[%emt 0:00:02]} d5 {[%emt 0:00:08]} 5. e3 {[%emt 0:00:02]} c6 {[%emt 0:00:03]} 6. Nf3 {[%emt 0:00:01]} Bd6 {[%emt 0:00:03]} 7. Ne5 {[%emt 0:00:07]} O-O {[%emt 0:00:13]} 8. Be2 {[%emt 0:00:02]} Qc7 {[%emt 0:00:23]} 9. cxd5 {[%emt 0:00:13]} exd5 {[%emt 0:00:03]} 10. Rc1 {[%emt 0:00:02]} Nbd7 {[%emt 0:00:14]} 11. Nd3 {[%emt 0:00:09]} Bxf4 {[%emt 0:00:33]} 12. Nxf4 {[%emt 0:00:00]} Qd6 {[%emt 0:00:02]} 13. O-O {[%emt 0:00:04]} Ne4 {[%emt 0:00:03]} 14. f3 {[%emt 0:00:06]} Nxc3 {[%emt 0:00:22]} 15. Rxc3 {[%emt 0:00:00]} Nf6 {[%emt 0:00:04]} 16. Nd3 {[%emt 0:00:02]} Bd7 {[%emt 0:00:44]} 17. Ne5 {[%emt 0:00:05]} Rae8 {[%emt 0:00:05]} 18. Bd3 {[%emt 0:00:07]} Bc8 {[%emt 0:00:27]} 19. Qc2 {[%emt 0:00:04]} g6 {[%emt 0:00:16]} 20. a3 {[%emt 0:00:04]} Nh5 {[%emt 0:00:26]} 21. f4 {[%emt 0:00:08]} Nf6 {[%emt 0:00:11]} 22. b4 {[%emt 0:00:01]} Ne4 {[%emt 0:00:18]} 23. Rb3 {[%emt 0:00:04]} a6 {[%emt 0:00:26]} 24. a4 {[%emt 0:00:05]} Be6 {[%emt 0:01:23]} 25. Rb2 {[%emt 0:00:03]} Rc8 {[%emt 0:00:11]} 26. Rc1 {[%emt 0:00:05]} Kg7 {[%emt 0:01:13]} 27. Bxe4 {[%emt 0:00:09]} dxe4 {[%emt 0:00:12]} 28. Qc5 {[%emt 0:00:02]} Rfd8 {[%emt 0:00:12]} 29. Rc3 {[%emt 0:00:25]} Kf6 {[%emt 0:00:07]} 30. Rbc2 {[%emt 0:00:03]} Ke7 {[%emt 0:00:13]} 31. Ra3 {[%emt 0:00:12]} Kf6 {[%emt 0:00:12]} 32. Qc3 {[%emt 0:00:02]} Qd5 {[%emt 0:00:23]} 33. Qb2 {[%emt 0:00:08]} Qd6 {[%emt 0:00:19]} 34. d5 {[%emt 0:01:11]} Qxd5 {[%emt 0:00:18]} 35. Ng4+ {[%emt 0:00:42]} Ke7 {[%emt 0:00:34]} 36. Qf6+ {[%emt 0:00:53]} Kd6 {[%emt 0:00:33]} 37. Nf2 {[%emt 0:00:10]} Rf8 {[%emt 0:00:38]} 38. Qb2 {[%emt 0:00:08]} Ke7 {[%emt 0:00:13]} 39. Rd2 {[%emt 0:00:03]} Qc4 {[%emt 0:00:16]} 40. Rc3 {[%emt 0:00:26] Time (Lag: Av=0.73s, max=1.1s)} 1-0